LEADER 02499oam 2200721uu 450 001 996214326003316 005 20230828221151.0 010 $a1-118-66568-6 035 $a(CKB)3450000000004537 035 1 $aMAHL84B1326 035 $a(MH)001106228-2 035 $a(SSID)ssj0000726711 035 $a(PQKBManifestationID)11435178 035 $a(PQKBTitleCode)TC0000726711 035 $a(PQKBWorkID)10683223 035 $a(PQKB)10678410 035 $a(PPN)190253053 035 $a(EXLCZ)993450000000004537 100 $a19830513d1983 uy 0 101 0 $aeng 181 $ctxt 182 $cc 183 $acr 200 14$aThe scientist and engineer in court /$fMichael D. Bradley$b[electronic resource] 210 0 $aWashington, D.C. $cAmerican Geophysical Union$d1983 215 $a1 online resource (iv, 111 p. ) 225 1 $aWater resources monograph series ;$v8 300 $aBibliographic Level Mode of Issuance: Monograph 311 $a0-87590-309-6 320 $aBibliography: p. 106-111. 410 0$aWater resources monograph ;$v8. 606 $aCivil procedure$zUnited States 606 $aEvidence, Expert$zUnited States 606 $aForensic scientists$zUnited States 606 $aForensic engineering$zUnited States 606 $aEvidence, Expert$zUnited States 606 $aCivil procedure$zUnited States 606 $aForensic engineering$zUnited States 606 $aForensic scientists$zUnited States 606 $aLaw - U.S$2HILCC 606 $aLaw, Politics & Government$2HILCC 606 $aLaw - U.S. - General$2HILCC 615 0$aCivil procedure 615 0$aEvidence, Expert 615 0$aForensic scientists 615 0$aForensic engineering 615 0$aEvidence, Expert 615 0$aCivil procedure 615 0$aForensic engineering 615 0$aForensic scientists 615 7$aLaw - U.S. 615 7$aLaw, Politics & Government 615 7$aLaw - U.S. - General 676 $a347.73/64 676 $a347.30764 700 $aBradley$b Michael D.$f1938-$0963236 801 0$bDLC 801 1$bDLC 906 $aBOOK 912 $a996214326003316 996 $aThe scientist and engineer in court$92184001 997 $aUNISA 999 $aThis Record contains information from the Harvard Library Bibliographic Dataset, which is provided by the Harvard Library under its Bibliographic Dataset Use Terms and includes data made available by, among others the Library of Congress LEADER 02601nam 2200577Ia 450 001 9910701099403321 005 20111219152907.0 035 $a(CKB)5470000002414038 035 $a(OCoLC)768773763 035 $a(EXLCZ)995470000002414038 100 $a20111219d2008 ua 0 101 0 $aeng 135 $aurmn||||||||| 181 $ctxt$2rdacontent 182 $cc$2rdamedia 183 $acr$2rdacarrier 200 00$aVDatum for the Long Island Sound, Narragansett Bay, and New York Bight$b[electronic resource] $etidal datums, marine grids, and sea surface topography /$fZhizhang Yang ... [and others] 210 1$a[Silver Spring, Md.] :$cU.S. Dept. of Commerce, National Oceanic and Atmospheric Administration, National Ocean Service, Office of Coast Survey, Coast Survey Development Laboratory,$d[2008] 215 $a1 online resource (x, 62 pages) $cillustrations, color maps 225 1 $aNOAA technical report NOS CS ;$v16 300 $aTitle from PDF title screen (viewed Dec. 15, 2011). 300 $a"November 2008." 320 $aIncludes bibliographical references (pages 37-39). 517 $aVDatum for the Long Island Sound, Narragansett Bay, and New York Bight 606 $aTides$zLong Island Sound (N.Y. and Conn.)$xMeasurement 606 $aTides$zRhode Island$zNarragansett Bay$xMeasurement 606 $aTides$zNew York Bight (N.J. and N.Y.)$xMeasurement 606 $aOcean surface topography$xMeasurement 606 $aHydrographic surveying$zLong Island Sound (N.Y. and Conn.) 606 $aHydrographic surveying$zRhode Island$zNarragansett Bay 606 $aHydrographic surveying$zNew York Bight (N.J. and N.Y.) 606 $aNumerical grid generation (Numerical analysis)$xComputer simulation 606 $aHydrodynamics$xMathematical models 615 0$aTides$xMeasurement. 615 0$aTides$xMeasurement. 615 0$aTides$xMeasurement. 615 0$aOcean surface topography$xMeasurement. 615 0$aHydrographic surveying 615 0$aHydrographic surveying 615 0$aHydrographic surveying 615 0$aNumerical grid generation (Numerical analysis)$xComputer simulation. 615 0$aHydrodynamics$xMathematical models. 701 $aYang$b Zhizhang$01417102 712 02$aUnited States.$bNational Oceanic and Atmospheric Administration. 712 02$aCoast Survey Development Laboratory (U.S.) 801 0$bGPO 801 1$bGPO 906 $aBOOK 912 $a9910701099403321 996 $aVDatum for the Long Island Sound, Narragansett Bay, and New York Bight$93531699 997 $aUNINA LEADER 04347nam 2200613 450 001 9910788853503321 005 20170822144313.0 010 $a1-4704-0522-9 035 $a(CKB)3360000000465100 035 $a(EBL)3114069 035 $a(SSID)ssj0000889051 035 $a(PQKBManifestationID)11497165 035 $a(PQKBTitleCode)TC0000889051 035 $a(PQKBWorkID)10866179 035 $a(PQKB)10362863 035 $a(MiAaPQ)EBC3114069 035 $a(RPAM)15358357 035 $a(PPN)195418050 035 $a(EXLCZ)993360000000465100 100 $a20080708h20082008 uy| 0 101 0 $aeng 135 $aur|n|---||||| 181 $ctxt 182 $cc 183 $acr 200 14$aThe mapping class group from the viewpoint of measure equivalence theory /$fYoshikata Kida 210 1$aProvidence, Rhode Island :$cAmerican Mathematical Society,$d[2008] 210 4$dİ2008 215 $a1 online resource (206 p.) 225 1 $aMemoirs of the American Mathematical Society,$x0065-9266 ;$vnumber 916 300 $a"November 2008, volume 196, number 916 (third of 5 numbers )." 311 $a0-8218-4196-3 320 $aIncludes bibliographical references (pages 183-186) and index. 327 $a""Contents""; ""Chapter 1. Introduction""; ""Chapter 2. Property A for the curve complex""; ""1. Geometry of the curve complex""; ""2. Generalities for property A""; ""3. Property A for the curve complex""; ""4. Exceptional surfaces""; ""Chapter 3. Amenability for the action of the mapping class group on the boundary of the curve complex""; ""1. The mapping class group and the Thurston boundary""; ""2. The boundary at infinity of the curve complex""; ""3. Amenability for the actions of the mapping class group""; ""4. The boundary of the curve complex for an exceptional surface"" 327 $a""Chapter 4. Indecomposability of equivalence relations generated by the mapping class group""""1. Construction of Busemann functions and the MIN set map""; ""2. Preliminaries on discrete measured equivalence relations""; ""3. Reducible elements in the mapping class group""; ""4. Subrelations of the two types: irreducible and amenable ones and reducible ones""; ""5. Canonical reduction systems for reducible subrelations""; ""6. Indecomposability of equivalence relations generated by actions of the mapping class group""; ""7. Comparison with hyperbolic groups"" 327 $a""Chapter 5. Classification of the mapping class groups in terms of measure equivalence I""""1. Reducible subrelations, revisited""; ""2. Irreducible and amenable subsurfaces""; ""3. Amenable, reducible subrelations""; ""4. Classification""; ""Chapter 6. Classification of the mapping class groups in terms of measure equivalence II""; ""1. Geometric lemmas""; ""2. Families of subrelations satisfying the maximal condition""; ""3. Application I (Invariance of complexity under measure equivalence)""; ""4. Application II (The case where complexity is odd)"" 327 $a""5. Application III (The case where complexity is even)""""Appendix A. Amenability of a group action""; ""1. Notation""; ""2. Existence of invariant means""; ""3. The fixed point property""; ""Appendix B. Measurability of the map associating image measures""; ""Appendix C. Exactness of the mapping class group""; ""Appendix D. The cost and l[sup(2)]-Betti numbers of the mapping class group""; ""1. The cost of the mapping class group""; ""2. The l[sup(2)]-Betti numbers of the mapping class group""; ""Appendix E. A group-theoretic argument for Chapter 5""; ""Bibliography""; ""Index""; ""A"" 327 $a""B""""C""; ""D""; ""E""; ""F""; ""G""; ""H""; ""I""; ""L""; ""M""; ""N""; ""O""; ""P""; ""Q""; ""R""; ""S""; ""T""; ""U""; ""V""; ""W"" 410 0$aMemoirs of the American Mathematical Society ;$vno. 916. 606 $aMappings (Mathematics) 606 $aClass groups (Mathematics) 606 $aMeasure theory 615 0$aMappings (Mathematics) 615 0$aClass groups (Mathematics) 615 0$aMeasure theory. 676 $a511.3/26 700 $aKida$b Yoshikata$f1982-$01565970 801 0$bMiAaPQ 801 1$bMiAaPQ 801 2$bMiAaPQ 906 $aBOOK 912 $a9910788853503321 996 $aThe mapping class group from the viewpoint of measure equivalence theory$93836149 997 $aUNINA